Versos tradicionales para cebollitas /
Guardado en:
| Formato: | Libro |
|---|---|
| Publicado: |
Buenos Aires :
Alfaguara,
2008
|
| Series: | Infantil-juvenil
|
| Materias: | |
| Etiquetas: |
Agregar Etiqueta
Sin Etiquetas, Sea el primero en etiquetar este registro!
|
| LEADER | 00593nam a22001935a 4500 | ||
|---|---|---|---|
| 001 | CEM.cems013564 | ||
| 005 | 20110916123021.0 | ||
| 008 | 130507s2008##################000#0#####d | ||
| 003 | CEMS | ||
| 020 | |a 9505116322 | ||
| 082 | 0 | 4 | |a 372.21 |
| 245 | 0 | 0 | |a Versos tradicionales para cebollitas / |c María Elena Walsh; ilustraciones Viviana Garófoli |
| 260 | |a Buenos Aires : |b Alfaguara, |c 2008 | ||
| 300 | |a 166 p. | ||
| 490 | 0 | |a Infantil-juvenil | |
| 653 | |a Literatura | ||
| 653 | |a Literatura argentina | ||
| 653 | |a Literatura infantil | ||
| 859 | |a CEMS |b BIB. CEMS - 11 de abril |h 372.21 |i W168-2 |p 26185.11 |t Ej.1 | ||
